Leadership <The> Inner Side of Greatness. A Philosophy for Leaders by Peter Koestenbaum

Salvato in:
Dettagli Bibliografici
Autore principale: Koestenbaum, Peter
Natura: Libro
Lingua:inglese
Pubblicazione: San Francisco Jossey-Bass Publ. 1991
Edizione:1. ed.
Serie:Jossey-Bass Management Series
Soggetti:
Tags: Aggiungi Tag
Nessun Tag, puoi essere il primo ad aggiungerne!!

MARC

LEADER 00000nam a2200000 4500
001 c020082
005 20221206114722.1
020 |a 1-55542-218-7 
041 0 |a eng 
044 |a US 
245 1 0 |a Leadership  |b <The> Inner Side of Greatness. A Philosophy for Leaders by Peter Koestenbaum  |c Peter Koestenbaum 
250 |a 1. ed. 
264 1 |a San Francisco  |b Jossey-Bass Publ.  |c 1991 
300 |a 369 s. 
490 1 |a Jossey-Bass Management Series 
830 0 |a Jossey-Bass Management Series 
610 2 0 |a vedenie 
610 2 0 |a vedenie podniku 
610 2 0 |a pracovníci riadiaci 
610 2 0 |a pracovníci vedúci 
610 2 0 |a riadenie 
610 2 0 |a schopnosti pracovné 
100 1 |a Koestenbaum, Peter